[Event "Mondiale Lampo FIDE 2019"]
[Site "Mosca"]
[Date "29.12.2019"]
[Round "1.1"]
[White "Nakamura, Hikaru"]
[Black "Bosiocic, Marin"]
[Result "1-0"]
[WhiteElo "2736"]
[BlackElo "2623"]
[PlyCount "73"]
[EventDate "2019.12.29"]

1. Nf3 d5 2. e3 Nf6 3. b3 g6 4. c4 c6 5. Bb2 Bg7 6. d4 Ne4 7. Bd3 O-O 8. O-O
Bg4 9. h3 Bxf3 10. Qxf3 f5 11. Qe2 e6 12. Nd2 Nd7 13. Nf3 a5 14. a3 Qe7 15.
Rac1 h5 16. h4 Bf6 17. g3 Qg7 18. Kg2 Rf7 19. b4 axb4 20. axb4 Kh7 21. Rh1 Rff8
22. b5 Nd6 23. bxc6 bxc6 24. cxd5 cxd5 25. Rc6 Qe7 26. Rhc1 Rfc8 27. Ne5 Rxc6
28. Rxc6 Ne8 29. Bb5 Nxe5 30. dxe5 Bg7 31. Bd4 Nc7 32. Bd3 Qd7 33. Qc2 Ne8 34.
Bb5 Qe7 35. Rb6 Ra7 36. Rb8 Rc7 37. Qa4 1-0

[Event "Mondiale Lampo FIDE 2019"]
[Site "Mosca"]
[Date "29.12.2019"]
[Round "2.1"]
[White "Perunovic, Milos"]
[Black "Nakamura, Hikaru"]
[Result "0-1"]
[WhiteElo "2589"]
[BlackElo "2736"]
[PlyCount "100"]
[EventDate "2019.12.29"]

1. e4 c5 2. Nc3 Nc6 3. Bb5 g6 4. Bxc6 bxc6 5. d3 Bg7 6. f4 d6 7. Nf3 f5 8. O-O
fxe4 9. Nxe4 Nh6 10. Re1 O-O 11. c3 Rb8 12. h3 e6 13. Qc2 Nf5 14. Bd2 h6 15.
Kh2 Qc7 16. Re2 Ba6 17. Rae1 c4 18. d4 c5 19. dxc5 dxc5 20. Nf2 Bb7 21. Ne5
Bxe5 22. Rxe5 Bd5 23. Ng4 Rb6 24. Ne3 Nxe3 25. Qxg6+ Qg7 26. Qxg7+ Kxg7 27.
R1xe3 Rxb2 28. Rg3+ Kf7 29. Be3 Rg8 30. Bxc5 Rxg2+ 31. Rxg2 Rxg2+ 32. Kh1 Rxa2+
33. Kg1 Rg2+ 34. Kf1 Rg3 35. Bd4 Rxh3 36. Ke2 Rh2+ 37. Ke3 h5 38. f5 h4 39.
fxe6+ Bxe6 40. Ra5 h3 41. Rxa7+ Kg6 42. Rg7+ Kf5 43. Rh7 Rh1 44. Kf2 Kg6 45.
Rh8 Ra1 46. Kg3 Ra2 47. Rh4 Rg2+ 48. Kf4 h2 49. Rh8 Bd5 50. Ke5 Rg5+ 0-1

[Event "Mondiale Lampo FIDE 2019"]
[Site "Mosca"]
[Date "29.12.2019"]
[Round "3.1"]
[White "Nakamura, Hikaru"]
[Black "Firouzja, Alireza"]
[Result "0-1"]
[WhiteElo "2736"]
[BlackElo "2723"]
[PlyCount "106"]
[EventDate "2019.12.29"]

1. e4 c5 2. Nf3 d6 3. Nc3 Nf6 4. h3 Nc6 5. d4 cxd4 6. Nxd4 e5 7. Nf3 Be7 8. Bc4
O-O 9. O-O Be6 10. Bb3 h6 11. Re1 Na5 12. Be3 a6 13. Qe2 Qc7 14. Rad1 Nxb3 15.
cxb3 b5 16. b4 Qb7 17. Nd2 Rac8 18. a3 d5 19. exd5 Nxd5 20. Qf3 Qc6 21. Nxd5
Bxd5 22. Qg3 f5 23. Qxe5 Bd6 24. Qc3 Bxg2 25. Qxc6 Bxc6 26. Bc5 Rf6 27. Kf1 Bf4
28. Be3 Bh2 29. Rc1 Rg6 30. Ke2 Rd8 31. Nf3 Bb8 32. Rg1 Rxg1 33. Rxg1 Kf7 34.
Nd4 Bd7 35. f4 Re8 36. Kf2 Re4 37. Ne2 Be6 38. Rd1 g5 39. Kf3 gxf4 40. Nxf4
Bxf4 41. Bxf4 h5 42. Rd6 Rc4 43. h4 Rc2 44. Be5 Rc4 45. Rxa6 Rxh4 46. Ra7+ Ke8
47. Bf6 Bd5+ 48. Ke2 Re4+ 49. Kd3 Bc4+ 50. Kc3 f4 51. b3 f3 52. Bg7 f2 53. Ra8+
Kd7 0-1

[Event "Mondiale Lampo FIDE 2019"]
[Site "Mosca"]
[Date "29.12.2019"]
[Round "4.15"]
[White "Nakamura, Hikaru"]
[Black "Gareyev, Timur"]
[Result "1/2-1/2"]
[WhiteElo "2736"]
[BlackElo "2598"]
[PlyCount "174"]
[EventDate "2019.12.29"]

1. e4 e5 2. Nc3 Nf6 3. g3 Bc5 4. Bg2 Nc6 5. Nge2 a6 6. O-O d6 7. d3 Be6 8. Nd5
Bxd5 9. exd5 Ne7 10. d4 exd4 11. Nxd4 O-O 12. c4 Ng6 13. b3 Qd7 14. Bg5 Ng4 15.
h3 h6 16. Bc1 Nf6 17. Bb2 Rae8 18. Kh2 Re5 19. b4 Bxb4 20. Nb3 Rf5 21. a3 Bc5
22. Nxc5 dxc5 23. f4 h5 24. Bxf6 Rxf6 25. Qxh5 Ne7 26. Rae1 Nf5 27. Re5 Nd4 28.
Rfe1 Rh6 29. Qd1 b5 30. cxb5 axb5 31. h4 Ra6 32. Qd3 g6 33. h5 Kg7 34. Bh3 Qd8
35. Qc3 Qf6 36. R1e3 b4 37. axb4 Ra2+ 38. Bg2 Rh8 39. Qc4 Rc2 40. Qd3 Rb2 41.
bxc5 Nf5 42. Re2 Rxh5+ 43. Kg1 Rxe2 44. Qxe2 Nxg3 45. Qe3 Nf5 46. Qc3 Nh4 47.
Qg3 Nxg2 48. Kxg2 Rh4 49. Kf3 Rh1 50. Kg2 Rc1 51. Qe3 Rc4 52. Kg3 Rb4 53. Re4
Rxe4 54. Qxe4 Qc3+ 55. Kg2 Qxc5 56. Qe5+ Kf8 57. Kg3 Qd6 58. Qg5 Ke8 59. Kg2
Kd7 60. Kg3 Kc8 61. Kf3 f5 62. Kg3 Kb7 63. Kh4 Kb6 64. Qg1+ Kb5 65. Kg5 Kc4 66.
Qd1 Kc5 67. Qd3 Qb6 68. Qd2 Kc4 69. Qd1 Kc3 70. Qa4 Kd3 71. Qc6 Qxc6 72. dxc6
Ke4 73. Kxg6 Kxf4 74. Kf6 Ke4 75. Ke6 f4 76. Kd7 f3 77. Kxc7 f2 78. Kb8 f1=Q
79. c7 Qb5+ 80. Ka7 Qc6 81. Kb8 Qb5+ 82. Ka7 Qd7 83. Kb8 Qd6 84. Kb7 Qe7 85.
Kb8 Qd6 86. Kb7 Qd7 87. Kb8 Qxc7+ 1/2-1/2

[Event "Mondiale Lampo FIDE 2019"]
[Site "Mosca"]
[Date "29.12.2019"]
[Round "5.23"]
[White "Sasikiran, Krishnan"]
[Black "Nakamura, Hikaru"]
[Result "0-1"]
[WhiteElo "2656"]
[BlackElo "2736"]
[PlyCount "51"]
[EventDate "2019.12.29"]

1. e4 e5 2. Nf3 Nc6 3. Bb5 a6 4. Ba4 d6 5. c3 Bd7 6. O-O g6 7. d4 Bg7 8. Re1
Nf6 9. Bc2 O-O 10. Nbd2 Re8 11. h3 b5 12. Nf1 Na5 13. b3 c5 14. d5 Nh5 15. Ng3
Nf4 16. Ne2 Nxe2+ 17. Qxe2 f5 18. exf5 e4 19. Ng5 Bxf5 20. g4 e3 21. Bxe3 Bxc2
22. Ne6 Qh4 23. Qxc2 Qxh3 24. Qe4 Bxc3 25. Bg5 Be5 26. Re3 0-1

[Event "Mondiale Lampo FIDE 2019"]
[Site "Mosca"]
[Date "29.12.2019"]
[Round "6.11"]
[White "Riazantsev, Alexander"]
[Black "Nakamura, Hikaru"]
[Result "0-1"]
[WhiteElo "2639"]
[BlackElo "2736"]
[PlyCount "152"]
[EventDate "2019.12.29"]

1. d4 e6 2. c4 b6 3. Nf3 Bb7 4. Nc3 Bb4 5. g3 Bxc3+ 6. bxc3 Nf6 7. Bg2 d6 8.
O-O Qc8 9. Re1 O-O 10. Qc2 Be4 11. Qa4 c5 12. Bf1 Nc6 13. Bb2 Na5 14. Nd2 Qc6
15. Qxc6 Bxc6 16. e4 e5 17. f3 Ba4 18. Bd3 Rac8 19. Rac1 Rfd8 20. d5 Rb8 21.
Rb1 Ne8 22. Nf1 b5 23. cxb5 Bxb5 24. Bc2 Bc4 25. Bc1 Rxb1 26. Bxb1 Rb8 27. Nd2
Ba6 28. Bc2 Nc7 29. Ba3 Nc4 30. Nxc4 Bxc4 31. Rb1 Nb5 32. Ba4 a6 33. Bc1 Bxa2
34. Rb2 Bc4 35. Bd2 Ra8 36. Kf2 f6 37. Ke3 Na3 38. Rb7 Bb5 39. Bb3 a5 40. Bc1
Nc4+ 41. Bxc4 Bxc4 42. Rb6 Rd8 43. f4 exf4+ 44. Kxf4 Kf7 45. g4 Rd7 46. h4 h6
47. h5 Ke7 48. Rb8 Ra7 49. Ba3 a4 50. Kf5 Kf7 51. Rb6 Rd7 52. Kf4 Bd3 53. Rb8
Re7 54. Rb6 Rxe4+ 55. Kf3 Rc4 56. Rxd6 Rxc3 57. Bb2 Rb3 58. Ba1 a3 59. Rd7+ Kg8
60. Ra7 Bc4+ 61. Ke4 Rb4 62. d6 Be6+ 63. Ke3 Rb1 64. Bc3 Rd1 65. Ra8+ Kh7 66.
Rxa3 Bxg4 67. Ra6 Bxh5 68. Ba5 Bg4 69. Bc7 c4 70. Rc6 Be6 71. Rc5 Rd3+ 72. Ke4
g5 73. Bd8 Kg6 74. Be7 h5 75. Ra5 h4 76. Ra6 Bd5# 0-1

[Event "Mondiale Lampo FIDE 2019"]
[Site "Mosca"]
[Date "29.12.2019"]
[Round "7.6"]
[White "Nakamura, Hikaru"]
[Black "Sarana, Alexey"]
[Result "1-0"]
[WhiteElo "2736"]
[BlackElo "2663"]
[PlyCount "89"]
[EventDate "2019.12.29"]

1. e4 c5 2. Nf3 d6 3. Nc3 Nf6 4. h3 e6 5. d4 cxd4 6. Nxd4 a6 7. g4 Nfd7 8. g5
Nc6 9. Bg2 Be7 10. h4 Qc7 11. Be3 Nde5 12. Nxc6 bxc6 13. b3 d5 14. Na4 O-O 15.
f4 Nd7 16. O-O Bb7 17. c4 dxe4 18. Bxe4 c5 19. Qf3 Bxe4 20. Qxe4 Rad8 21. Rad1
Nb6 22. Nb2 Rxd1 23. Rxd1 Rd8 24. Rxd8+ Qxd8 25. Kf2 h6 26. Ke2 hxg5 27. hxg5
a5 28. Bd2 Nd7 29. Nd3 g6 30. Bc3 Bf8 31. Ne5 Bg7 32. Qd3 Bxe5 33. Bxe5 Qc8 34.
Bc3 Qc7 35. Qh3 Kf8 36. Qf3 Ke7 37. Kd3 Qd6+ 38. Kc2 Qa6 39. a4 Nb8 40. Bf6+
Ke8 41. Qh1 Nc6 42. Qh8+ Kd7 43. Qf8 Nb4+ 44. Kb2 Qc6 45. Qd8# 1-0

[Event "Mondiale Lampo FIDE 2019"]
[Site "Mosca"]
[Date "29.12.2019"]
[Round "8.4"]
[White "Ponkratov, Pavel"]
[Black "Nakamura, Hikaru"]
[Result "0-1"]
[WhiteElo "2632"]
[BlackElo "2736"]
[PlyCount "40"]
[EventDate "2019.12.29"]

1. e4 e5 2. Nc3 Nc6 3. Bc4 Nf6 4. d3 Na5 5. Qf3 Nxc4 6. dxc4 d6 7. h3 Be6 8. b3
Nd7 9. Nge2 Be7 10. Ng3 Bg5 11. Nh5 Rg8 12. Qg3 Bxc1 13. Rxc1 g6 14. f4 f6 15.
Qf3 gxh5 16. Qxh5+ Bf7 17. Qxh7 Rxg2 18. Kf1 Rg8 19. Rg1 Rxg1+ 20. Kxg1 Qe7 0-1

[Event "Mondiale Lampo FIDE 2019"]
[Site "Mosca"]
[Date "29.12.2019"]
[Round "9.1"]
[White "Nakamura, Hikaru"]
[Black "Artemiev, Vladislav"]
[Result "1-0"]
[WhiteElo "2736"]
[BlackElo "2731"]
[PlyCount "61"]
[EventDate "2019.12.29"]

1. e4 c6 2. Nf3 d5 3. Nc3 dxe4 4. Nxe4 Nf6 5. Qe2 Bg4 6. h3 Bh5 7. Nxf6+ gxf6
8. d3 Nd7 9. g4 Bg6 10. Nh4 h5 11. Bg2 Qc7 12. Bd2 O-O-O 13. O-O-O e5 14. Nxg6
fxg6 15. Be4 hxg4 16. hxg4 Rg8 17. Rh7 Qd6 18. Kb1 Qe6 19. Be3 f5 20. Bg2 Nf6
21. Rhh1 Kb8 22. gxf5 gxf5 23. Bh3 Bd6 24. Qf3 Ng4 25. Bxg4 Rxg4 26. Rh5 Rf8
27. Rdh1 e4 28. Qe2 exd3 29. Bxa7+ Kxa7 30. Qxe6 dxc2+ 31. Kxc2 1-0

[Event "Mondiale Lampo FIDE 2019"]
[Site "Mosca"]
[Date "29.12.2019"]
[Round "10.1"]
[White "Vidit, Santosh Gujrathi"]
[Black "Nakamura, Hikaru"]
[Result "1/2-1/2"]
[WhiteElo "2721"]
[BlackElo "2736"]
[PlyCount "136"]
[EventDate "2019.12.29"]

1. c4 Nf6 2. Nc3 e5 3. Nf3 Nc6 4. a3 d5 5. cxd5 Nxd5 6. Qc2 Nxc3 7. dxc3 a5 8.
e4 Bc5 9. h3 O-O 10. Bb5 Qf6 11. Bg5 Qg6 12. g4 Be6 13. O-O-O f6 14. Be3 Bxe3+
15. fxe3 Qf7 16. Qe2 a4 17. Rhf1 Qe7 18. Kb1 Na5 19. Nd2 Qc5 20. Rfe1 Nb3 21.
Nxb3 axb3 22. h4 c6 23. Bd3 Rad8 24. Kc1 b5 25. Rd2 Rd7 26. Red1 Rfd8 27. g5
fxg5 28. hxg5 g6 29. Qf2 Rf8 30. Qg3 Rdf7 31. Be2 Rf2 32. Bc4 Qxc4 33. Rxf2
Qxe4 34. Rxf8+ Kxf8 35. Qf2+ Bf5 36. Kd2 Ke7 37. Ke1 Qg4 38. Qh2 Ke6 39. Qf2
Qxg5 40. Qf3 Qg1+ 41. Kd2 Qh2+ 42. Ke1 e4 43. Qf4 Qg1+ 44. Kd2 Qg2+ 45. Ke1
Qh1+ 46. Kd2 Qf3 47. Ke1 Qxf4 48. exf4 h5 49. Kf2 h4 50. Rd8 h3 51. Rh8 Kd5 52.
Ke3 Kc4 53. Rh6 Kd5 54. Rh4 Kd6 55. Rh6 Kc5 56. Rh4 Kd5 57. Rh6 Ke6 58. Rh4 Kf6
59. Kf2 Kg7 60. Kg3 Kg8 61. Kf2 Kg7 62. Kg3 c5 63. Kf2 c4 64. Kg3 Bd7 65. Kf2
Be6 66. Ke3 Bf5 67. Kf2 Kg8 68. Kg3 Kg7 1/2-1/2

[Event "Mondiale Lampo FIDE 2019"]
[Site "Mosca"]
[Date "29.12.2019"]
[Round "11.2"]
[White "Nakamura, Hikaru"]
[Black "Carlsen, Magnus"]
[Result "1/2-1/2"]
[WhiteElo "2736"]
[BlackElo "2872"]
[PlyCount "53"]
[EventDate "2019.12.29"]

1. e4 e5 2. Nf3 Nc6 3. Bb5 a6 4. Ba4 Nf6 5. O-O Bc5 6. c3 O-O 7. d4 Ba7 8. Re1
b5 9. Bc2 d6 10. h3 h6 11. Be3 Re8 12. Nbd2 Bb7 13. dxe5 Bxe3 14. exf6 Bxd2 15.
Qxd2 Qxf6 16. a4 Ne5 17. Nxe5 Qxe5 18. f4 Qe7 19. e5 dxe5 20. Rxe5 Qf6 21. axb5
Rxe5 22. fxe5 Qb6+ 23. Qd4 Qxd4+ 24. cxd4 axb5 25. Rxa8+ Bxa8 26. b4 Bd5 27. g3
1/2-1/2

[Event "Mondiale Lampo FIDE 2019"]
[Site "Mosca"]
[Date "29.12.2019"]
[Round "12.1"]
[White "Dubov, Daniil"]
[Black "Nakamura, Hikaru"]
[Result "1/2-1/2"]
[WhiteElo "2690"]
[BlackElo "2736"]
[PlyCount "63"]
[EventDate "2019.12.29"]

1. d4 Nf6 2. c4 e6 3. Nf3 d5 4. g3 Be7 5. Bg2 O-O 6. O-O dxc4 7. Qc2 a6 8. a4
Bd7 9. Rd1 Bc6 10. Bg5 Nbd7 11. Nbd2 b5 12. b3 Rc8 13. bxc4 bxc4 14. Qxc4 Bd5
15. Qxa6 c5 16. Qd3 cxd4 17. Qxd4 h6 18. Be3 Qa5 19. Qa7 Bb4 20. Qxa5 Bxa5 21.
h3 Ra8 22. Bd4 Rfd8 23. Nf1 Rdc8 24. Ne3 Be4 25. Ne5 Nxe5 26. Bxe5 Bxg2 27.
Kxg2 Ne4 28. Rdc1 f6 29. Rxc8+ Rxc8 30. Bb2 Bb6 31. Rc1 Rb8 32. Ba3 1/2-1/2

[Event "Mondiale Lampo FIDE 2019"]
[Site "Mosca"]
[Date "30.12.2019"]
[Round "13.3"]
[White "Nakamura, Hikaru"]
[Black "Yu, Yangyi"]
[Result "1-0"]
[WhiteElo "2736"]
[BlackElo "2738"]
[PlyCount "109"]
[EventDate "2019.12.29"]

1. e4 e5 2. Nc3 Nc6 3. Bc4 Bc5 4. Qg4 g6 5. Qf3 Nf6 6. Nge2 d6 7. d3 Bg4 8. Qg3
Be6 9. Bg5 h6 10. Qh4 hxg5 11. Qxh8+ Ke7 12. Qxd8+ Rxd8 13. Bxe6 Kxe6 14. Na4
Bb4+ 15. c3 Ba5 16. b4 Bb6 17. Nxb6 axb6 18. f3 d5 19. O-O-O b5 20. Rhe1 d4 21.
cxd4 Nxd4 22. Nxd4+ Rxd4 23. a3 Nd7 24. Kd2 Nb6 25. Ke2 c6 26. Rh1 Na4 27. Rc1
Nb2 28. Rc3 Na4 29. Rc2 Rd8 30. h4 Rh8 31. g3 Nb6 32. Ke3 gxh4 33. Rxh4 Ra8 34.
Ra2 Nd7 35. f4 Nb6 36. Rh6 Kf6 37. Rh7 Nd7 38. d4 exd4+ 39. Kxd4 Nb6 40. Kc3
Ke6 41. g4 Nc4 42. f5+ Kf6 43. g5+ Kxg5 44. Rxf7 Nd6 45. Rg2+ Kf4 46. fxg6+
Nxf7 47. gxf7 Rf8 48. Kd4 Rd8+ 49. Kc5 Rf8 50. Kd6 Kf3 51. Rg7 Kxe4 52. Ke7
Rxf7+ 53. Rxf7 Kd5 54. Kd8 b6 55. Kc7 1-0

[Event "Mondiale Lampo FIDE 2019"]
[Site "Mosca"]
[Date "30.12.2019"]
[Round "14.2"]
[White "Nakamura, Hikaru"]
[Black "Duda, Jan-Krzysztof"]
[Result "1-0"]
[WhiteElo "2736"]
[BlackElo "2758"]
[PlyCount "111"]
[EventDate "2019.12.29"]

1. e4 e6 2. f4 d5 3. e5 c5 4. Nf3 Nc6 5. c3 d4 6. Bd3 Nh6 7. Be4 Bd7 8. d3 Be7
9. O-O Qc7 10. cxd4 cxd4 11. Na3 Nf5 12. Qe2 h5 13. Bd2 Rc8 14. Rac1 a6 15. Nc4
O-O 16. Bxf5 exf5 17. Ng5 Bxg5 18. fxg5 g6 19. Nd6 Rcd8 20. a4 Qb6 21. b4 Be6
22. b5 axb5 23. axb5 Nxe5 24. Qxe5 Rxd6 25. Ba5 Qxa5 26. Qxd6 Qxb5 27. Qxd4 Qa5
28. h4 b5 29. Ra1 Qc7 30. Ra7 Qg3 31. Rf3 Qe1+ 32. Kh2 Rc8 33. Rb7 Kh7 34. Rxb5
Rc1 35. Rb8 Bc8 36. Qf2 Qh1+ 37. Kg3 Qd1 38. Qe3 Rc2 39. Kh2 Re2 40. Qd4 Qd2
41. Qg1 Be6 42. Rb5 Bd7 43. Rc5 Be6 44. Kh1 Qb4 45. Rc1 Qxh4+ 46. Qh2 Qxg5 47.
Rg1 Bd5 48. Rg3 Qf4 49. Rh3 Bxg2+ 50. Rxg2 Re1+ 51. Rg1 Qc1 52. Rxh5+ Kg7 53.
Rh7+ Kg8 54. Rh8+ Kg7 55. Qh7+ Kf6 56. Qh4+ 1-0

[Event "Mondiale Lampo FIDE 2019"]
[Site "Mosca"]
[Date "30.12.2019"]
[Round "15.2"]
[White "Matlakov, Maxim"]
[Black "Nakamura, Hikaru"]
[Result "0-1"]
[WhiteElo "2699"]
[BlackElo "2736"]
[PlyCount "98"]
[EventDate "2019.12.29"]

1. d4 Nf6 2. c4 e6 3. Nf3 d5 4. Nc3 Be7 5. Bg5 h6 6. Bxf6 Bxf6 7. e3 O-O 8. Rc1
c6 9. Bd3 Nd7 10. O-O dxc4 11. Bxc4 c5 12. Qe2 a6 13. dxc5 Nxc5 14. b4 Bxc3 15.
Rxc3 Ne4 16. Rc2 b5 17. Bd3 Bb7 18. Rfc1 Nf6 19. e4 Qb6 20. Rc3 a5 21. bxa5
Rxa5 22. Rb3 Qa7 23. Rc2 Ra4 24. Rxb5 Bxe4 25. Bxe4 Rxe4 26. Qd3 Ra4 27. Qb3
Nd5 28. h3 Ra3 29. Qc4 Ra8 30. Rbb2 Qa4 31. Qc5 Qf4 32. Rc4 Qf6 33. Rcc2 Nf4
34. Ne1 R3a5 35. Qb4 Re5 36. Nf3 Nxh3+ 37. Kf1 Rf5 38. Qe4 Rf8 39. Rb3 Ng5 40.
Nxg5 Qxg5 41. g3 Re5 42. Qf3 Rf5 43. Qe4 Qg6 44. Qe3 Rh5 45. Qd3 Qg4 46. Kg1
Qh3 47. Qf3 Rd8 48. Rc1 Qh2+ 49. Kf1 Qh1+ 0-1

[Event "Mondiale Lampo FIDE 2019"]
[Site "Mosca"]
[Date "30.12.2019"]
[Round "16.2"]
[White "Kramnik, Vladimir"]
[Black "Nakamura, Hikaru"]
[Result "1/2-1/2"]
[WhiteElo "2753"]
[BlackElo "2736"]
[PlyCount "119"]
[EventDate "2019.12.29"]

1. c4 Nf6 2. Nc3 e5 3. Nf3 Nc6 4. d3 d5 5. cxd5 Nxd5 6. e4 Nxc3 7. bxc3 Bc5 8.
Be2 Qe7 9. O-O O-O 10. Qc2 Bg4 11. h3 Bh5 12. Kh1 Rfd8 13. Ne1 Bxe2 14. Qxe2 b5
15. Be3 b4 16. cxb4 Nxb4 17. Rc1 Bxe3 18. fxe3 Rd6 19. Rc4 Rc6 20. d4 exd4 21.
exd4 Re6 22. Qd2 Rb8 23. a3 Na6 24. Nf3 Rxe4 25. Ne5 Qxa3 26. Qc2 Qe3 27. Ra4
Rxd4 28. Rxd4 Qxd4 29. Nc6 Qb2 30. Qc4 Qb3 31. Qxa6 Re8 32. Ne7+ Kf8 33. Nf5
Qe6 34. Qxa7 Qe5 35. Qf2 f6 36. Qc2 g6 37. Nh4 Re7 38. Nf3 Qe4 39. Qc5 Qe3 40.
Qc4 Qe2 41. Qc1 Qe3 42. Qa1 Kg7 43. Re1 Qc5 44. Rxe7+ Qxe7 45. Qc3 c5 46. Qc4
Qd6 47. Qe2 h5 48. Nd2 h4 49. Nc4 Qd4 50. Qe7+ Kh6 51. Qe2 Kg5 52. Nd2 Kh6 53.
Nf3 Qf4 54. Qc2 c4 55. Nd2 Qf2 56. Qc3 Qe1+ 57. Kh2 Kg7 58. Qd4 Qg3+ 59. Kg1
Qe1+ 60. Kh2 1/2-1/2

[Event "Mondiale Lampo FIDE 2019"]
[Site "Mosca"]
[Date "30.12.2019"]
[Round "17.2"]
[White "Nakamura, Hikaru"]
[Black "Giri, Anish"]
[Result "1/2-1/2"]
[WhiteElo "2736"]
[BlackElo "2769"]
[PlyCount "51"]
[EventDate "2019.12.29"]

1. e4 e5 2. Nc3 Nf6 3. g3 d5 4. exd5 Nxd5 5. Bg2 Nxc3 6. bxc3 Nc6 7. Nf3 Bc5 8.
O-O O-O 9. Re1 h6 10. Rb1 Rb8 11. d3 Re8 12. d4 Bg4 13. dxc5 Qxd1 14. Rxd1 e4
15. Bf4 exf3 16. Bf1 Re7 17. Re1 Rd7 18. Red1 Re7 19. Re1 Rd7 20. Bb5 Rc8 21.
Ba4 Rd5 22. Rxb7 Rxc5 23. Bb3 Na5 24. Rxa7 Nxb3 25. cxb3 Rxc3 26. h4 1/2-1/2

[Event "Mondiale Lampo FIDE 2019"]
[Site "Mosca"]
[Date "30.12.2019"]
[Round "18.2"]
[White "Nakamura, Hikaru"]
[Black "Vachier-Lagrave, Maxime"]
[Result "1-0"]
[WhiteElo "2736"]
[BlackElo "2780"]
[PlyCount "161"]
[EventDate "2019.12.29"]

1. e4 c5 2. Nf3 d6 3. Nc3 Nf6 4. h3 g6 5. d4 cxd4 6. Nxd4 Bg7 7. Be3 Nc6 8. Qd2
O-O 9. O-O-O Bd7 10. g4 Rc8 11. f4 Nxd4 12. Bxd4 Bc6 13. Bg2 Qa5 14. Kb1 e5 15.
Be3 exf4 16. Bxf4 Rfe8 17. Rhe1 Nd7 18. Nd5 Qxd2 19. Rxd2 Ne5 20. b3 h6 21.
Red1 Kh7 22. g5 hxg5 23. Bxg5 Bxd5 24. Rxd5 Bf8 25. h4 Rc3 26. Bf4 Ng4 27. R1d3
Rc6 28. c4 Ne5 29. Rd1 b6 30. Bh3 Rc7 31. Rh1 Rc5 32. h5 Rxd5 33. cxd5 gxh5 34.
Bf5+ Kg8 35. Rxh5 Nd3 36. Bg3 Nc5 37. Rh4 Be7 38. Rg4+ Kh8 39. e5 dxe5 40.
Bxe5+ f6 41. Bc7 Nb7 42. Rh4+ Kg7 43. Rg4+ Kf8 44. Bf4 Bc5 45. Bh6+ Ke7 46.
Rg7+ Kd6 47. Rxb7 Kxd5 48. Rd7+ Ke5 49. Bh7 a5 50. Kc2 Ke6 51. Rb7 Rd8 52. Bd3
f5 53. Bc4+ Kf6 54. Bd2 Rf8 55. Bc3+ Kg6 56. Rg7+ Kh5 57. Be2+ Kh6 58. Rg3 Rf7
59. Bf3 f4 60. Rh3+ Kg5 61. Rh5+ Kg6 62. Rd5 Re7 63. Bd2 Be3 64. Bxe3 Rxe3 65.
Rd3 Re6 66. Kd2 Kg5 67. Rd8 Re3 68. Ba8 Rh3 69. Rg8+ Kf5 70. Bg2 Rh6 71. Kc3
Rd6 72. a4 Ke5 73. Re8+ Kf5 74. Kc4 Kg4 75. Rg8+ Kf5 76. Bd5 Ke5 77. Re8+ Kf6
78. Kd4 Kf5 79. Rf8+ Kg4 80. Ke5 Rg6 81. Rg8 1-0

[Event "Mondiale Lampo FIDE 2019"]
[Site "Mosca"]
[Date "30.12.2019"]
[Round "19.2"]
[White "Grischuk, Alexander"]
[Black "Nakamura, Hikaru"]
[Result "1/2-1/2"]
[WhiteElo "2777"]
[BlackElo "2736"]
[PlyCount "35"]
[EventDate "2019.12.29"]

1. d4 Nf6 2. c4 e6 3. Nf3 d5 4. Nc3 Be7 5. Bf4 O-O 6. e3 Nbd7 7. Be2 dxc4 8.
O-O a6 9. a4 b6 10. Bxc4 Bb7 11. Qe2 Nh5 12. Bg3 Nxg3 13. hxg3 Bb4 14. Rfd1 Nf6
15. Na2 Bd6 16. Nc3 Bb4 17. Na2 Bd6 18. Nc3 1/2-1/2

[Event "Mondiale Lampo FIDE 2019"]
[Site "Mosca"]
[Date "30.12.2019"]
[Round "20.2"]
[White "Nakamura, Hikaru"]
[Black "Zubov, Alexander"]
[Result "1-0"]
[WhiteElo "2736"]
[BlackElo "2601"]
[PlyCount "81"]
[EventDate "2019.12.29"]

1. e4 c5 2. Nf3 e6 3. g3 Nc6 4. d4 d5 5. exd5 exd5 6. Bg2 Nf6 7. O-O Be7 8.
dxc5 Bxc5 9. a3 O-O 10. b4 Bb6 11. Bb2 Ne4 12. Nc3 Be6 13. Na4 Bc7 14. Nd4 Re8
15. c4 Ne5 16. Nxe6 fxe6 17. cxd5 exd5 18. Nc3 Nc4 19. Bxe4 Nxb2 20. Qxd5+ Qxd5
21. Bxd5+ Kf8 22. Rab1 Be5 23. Rxb2 Bxc3 24. Rc2 Bd4 25. Bxb7 Rad8 26. Kg2 g5
27. Bf3 Rd6 28. Rd1 Red8 29. a4 Ke7 30. a5 Kf6 31. b5 h6 32. Rc7 Ke5 33. Re1+
Kf6 34. Ree7 Re6 35. Rf7+ Ke5 36. Bg4 Rf6 37. Rxf6 Kxf6 38. b6 axb6 39. axb6
Rd6 40. b7 Rb6 41. Rc6+ 1-0

[Event "Mondiale Lampo FIDE 2019"]
[Site "Mosca"]
[Date "30.12.2019"]
[Round "21.2"]
[White "Mamedov, Rauf"]
[Black "Nakamura, Hikaru"]
[Result "0-1"]
[WhiteElo "2659"]
[BlackElo "2736"]
[PlyCount "82"]
[EventDate "2019.12.29"]

1. e4 e5 2. Nf3 Nc6 3. Bb5 a6 4. Ba4 d6 5. O-O Bd7 6. c3 g6 7. d4 Bg7 8. dxe5
dxe5 9. Bg5 f6 10. Be3 Nh6 11. Bb3 Qe7 12. h3 Nd8 13. Qe2 Nhf7 14. Nbd2 O-O 15.
Rad1 Kh8 16. Ne1 Ne6 17. Nd3 Rfe8 18. Nb4 f5 19. Nd5 Qf8 20. f3 Rad8 21. Rfe1
Nd6 22. Bf2 Bb5 23. c4 Bc6 24. a4 Bxd5 25. exd5 Nd4 26. Qd3 b6 27. Ba2 Nb7 28.
Nb3 Nxb3 29. Qxb3 a5 30. Qb5 e4 31. fxe4 Nd6 32. Qc6 Nxe4 33. Qxc7 Rc8 34. Qxb6
Rb8 35. Qa7 Rxb2 36. Bd4 Rxa2 37. Bxg7+ Qxg7 38. Qxg7+ Kxg7 39. c5 Rxa4 40. d6
Rc4 41. Rd5 Nxd6 0-1

[Event "Mondiale Lampo FIDE 2019 - Tie Break"]
[Site "Mosca"]
[Date "30.12.2019"]
[Round "T1"]
[White "Nakamura, Hikaru"]
[Black "Carlsen, Magnus"]
[Result "1/2-1/2"]
[WhiteTitle "GM"]
[BlackTitle "GM"]
[WhiteElo "2736"]
[BlackElo "2872"]
[WhiteFideId "2016192"]
[BlackFideId "1503014"]
[EventDate "2019.12.30"]

1. e4 e5 2. Nf3 Nc6 3. Bb5 Nf6 4. d3 Bc5 5. c3 O-O 6. O-O d6 7. h3 a6 8. Ba4 b5
9. Bc2 h6 10. Re1 Re8 11. b4 Bb6 12. a4 Bd7 13. Nbd2 Ne7 14. Nf1 a5 15. bxa5
Rxa5 16. Be3 Bxe3 17. Nxe3 Ng6 18. axb5 Rxb5 19. Ba4 Rb8 20. Bxd7 Qxd7 21. Qc2
Nf4 22. Kh2 Qb5 23. Red1 Qb2 24. Ra2 Qxc2 25. Rxc2 Rb3 26. g3 Ne6 27. Nd2 Rb7
28. Ndc4 Ra8 29. Kg2 Ra4 30. f3 Nd7 31. d4 f6 32. h4 h5 33. Kf2 Kf8 34. Rdd2 Rb1
35. d5 Nec5 36. Ra2 Rc1 37. Rdc2 Kf7 38. Ke2 Rxc2+ 39. Rxc2 g6 40. Rb2 f5 41.
exf5 gxf5 42. f4 exf4 43. gxf4 Nf6 44. Rb8 Nxd5 45. Nxd6+ cxd6 46. Nxd5 Ke6 47.
Nb4 Ne4 48. Kd3 Ra3 49. Rc8 Kd7 50. Rh8 Nxc3 51. Rh7+ Ke6 52. Rh6+ Kf7 53. Kc4
Ne2 54. Nd5 Nxf4 55. Nxf4 Ra4+ 56. Kd5 Rxf4 57. Rxh5 Kg6 58. Rh8 Re4 59. h5+ Kg5
60. h6 Rh4 61. h7 Kg6 62. Kxd6 Rxh7 1/2-1/2

[Event "Mondiale Lampo FIDE 2019 - Tie Break"]
[Site "Mosca"]
[Date "30.12.2019"]
[Round "T2"]
[White "Carlsen, Magnus"]
[Black "Nakamura, Hikaru"]
[Result "1-0"]
[WhiteElo "2865"]
[BlackElo "2885"]
[EventDate "2019.12.26"]
[Board "1"]

1. d4 Nf6 2. Nf3 d5 3. Bf4 c5 4. e3 e6 5. Nbd2 Bd6 6. Bxd6 Qxd6 7. dxc5
Qxc5 8. c4 dxc4 9. Bxc4 O-O 10. Rc1 Qe7 11. O-O b6 12. Qe2 Bb7 13. Rfd1
Nbd7 14. Ba6 Nc5 15. Bxb7 Qxb7 16. Ne5 Ncd7 17. Qf3 Qa6 18. Nc6 Kh8 19. Nc4
Qxa2 20. g4 Nc5 21. Nd6 Nb3 22. Rc2 Qa4 23. Rc4 Qa6 24. g5 Nd7 25. Rh4 Nbc5
26. Nxf7+ Rxf7 27. Qxf7 Qe2 28. Rxd7 Nxd7 29. Qxd7 Rf8 30. Rf4 1-0